| 000 | 00843nam a2200253 i 4500 | ||
|---|---|---|---|
| 001 | 53947 | ||
| 003 | ES-MaACL | ||
| 005 | 20230906162848.0 | ||
| 007 | t| | ||
| 008 | 960710s1897 fr f |||| | fre d | ||
| 040 |
_aCAM _bspa _cCAM |
||
| 080 | _a271.1(460.182)(091) | ||
| 080 | _a726.71(460.182)(091) | ||
| 100 | 1 |
_aFérotin, Marius. _950220 |
|
| 245 | 1 | 0 |
_aHistoire de l'Abbaye de Silos / _cpar Marius Férotin. |
| 260 |
_aParis : _bErnest Leroux, _c1897 ( _eBaugé : _fImp. Daloux) |
||
| 300 |
_aX, 368 p., [XVI] h. de lám. ; _c27 cm. |
||
| 530 | _aDisponible en formato digital. | ||
| 610 | 2 | 7 |
_aAbadía de Silos- _vHistoria. _91135 |
| 610 | 2 | 7 |
_aBenedictinos- _zEspaña. _9192726 |
| 852 |
_aES-MaACL _jC-872 |
||
| 856 |
_uhttp://bdh-rd.bne.es/viewer.vm?id=0000192520&page=1 _zBiblioteca Digital Hispánica |
||
| 999 |
_c53947 _d53947 |
||